A cárizmus ellen

Politická esej ako úvodník prináša úvahu nad vojenskými úspechmi.

Podrobná bibliografia
Hlavný autor: Fábian, Alexander (Author)
Médium: Článok
Jazyk:Hungarian
Témy:
Zdroj: 1. Felvidéki Hirlap 1. Roč. 7, č. 32 (23.08.1914) s. 1 a 2
LEADER 00856nab#a2200325#ar4500
001 000074583
003 SVKKK
005 20050120xxxxxxx.
008 06 c xo huno
FMT
038 |a SVKKK 
040 |a SVKKK  |b slo  |e AACR2 
041 0 |a hun 
044 |a xo  |c SK 
080 |a 355/359 
100 1 |a Fábian, Alexander  |4 aut 
242 1 0 |a Proti cárstvu 
245 1 0 |a A cárizmus ellen  |c Alexander Fábian 
500 |a Sándor 
500 |a mikrofilm 
520 2 |a Politická esej ako úvodník prináša úvahu nad vojenskými úspechmi. 
650 0 4 |a eseje politické - vojna (téma) - Humenné - rok 1914 - úvodníky 
773 0 |t Felvidéki Hirlap  |g Roč. 7, č. 32 (23.08.1914) s. 1 a 2 
957 |a Humenné 
958 |a DG 
958 |a SK 
974 |a Ba  |d 20050120 
992 |a RBX 
BAS
998 |a RETRO